El criticón

Saved in:
Bibliografiske detaljer
Hovedforfatter: Gracián y Morales, Baltazar (Author)
Format: Bog
Sprog:spansk
Udgivet: Buenos Aires Sopena 1944
Udgivelse:2a. ed
Serier:Biblioteca Mundial Sopena
Fag:
Tags: Tilføj Tag
Ingen Tags, Vær først til at tagge denne postø!

MARC

LEADER 00000nam a2200000 a 4500
001 UCH4457
003 CL-VaPUC
008 090820e19440000AG |||||||||||||||||spa|d
082 0 4 |a 863  |b GRA  |2 21 
100 0 |a Gracián y Morales, Baltazar  |e author  |9 539981 
245 1 3 |a El criticón 
250 |a 2a. ed 
300 |a t 
942 |c BK 
945 |d 20090820 00:00:00  |a rbrito 
260 |a Buenos Aires  |b Sopena  |c 1944 
650 0 |a Novelas españolas  |9 265052 
583 |a last modification  |c 20090820 00:00:00  |k Rodrigo Vera 
490 0 |a Biblioteca Mundial Sopena 
999 |c 335770  |d 335768 
952 |0 0  |1 0  |4 0  |6 863_000000000000000_GRA_1944  |7 0  |8 A  |9 426485  |a BIBHIS  |b BIBHIS  |d 2019-11-22  |h t.2  |i 4589637  |o 863 GRA 1944  |p 4589637  |r 2025-01-20  |w 2019-11-22  |y BK  |k HIS